| 000 | 00462nam a22001457a 4500 | ||
|---|---|---|---|
| 008 | 240730b |||||||| |||| 00| 0 eng d | ||
| 040 |
_aNational Science Library _cNational Science Library |
||
| 100 | _aCernescu, Costin | ||
| 245 |
_aRujeola: _bEtiopatogenie si profilaxie |
||
| 260 |
_aBucuresti: _bEditura Academiei Republicii Socialiste Romania, _c1978 |
||
| 300 | _a216p. | ||
| 700 | _aSorodoc, Yolanda | ||
| 700 | _aCajal, Nicolae | ||
| 942 |
_2udc _cBK |
||
| 999 |
_c65180 _d65180 |
||